Responses for Show #8175 - Friday, March 6, 2020

Paul Trifiletti game 3.

Contestants

[<< previous game]

Mahesh Uttamchandani, an international development specialist from Falls Church, Virginia

Lynn Q. Yu, a screenwriter from Los Angeles, California

Paul Trifiletti, an attorney from Athens, Georgia (whose 2-day cash winnings total $38,199)

[next game >>]

Jeopardy! Round responses

WORLD PLACE NAMES
BRITISH POLITICS
FLAG CREATORS
WANNA BET?
EMMY'S BEST DRAMA
FRENCH WORDS IN ENGLISH
    $200 4
Pamplona

Lynn
    $200 1
the Speaker

Paul
    $200 19
Canada

Mahesh
    $200 26
blackjack

Mahesh
    $200 5
The Sopranos

Mahesh
    $200 16
matinee

Paul
    $400 12
Sucre

Lynn
    $400 2
a borough

Paul
    $400 20
pink

Paul
    $400 27
soccer

Mahesh
    $400 6
Mad Men

Lynn
    $400 17
potpourri

Mahesh
    $600 13
the Solomon Islands

Lynn
    $600 3
the Conservatives

Mahesh
    $600 21
California

Mahesh
    $600 28
craps

Lynn
    $600 7
The West Wing

Mahesh
    $600 18
a brunette

Lynn
    $800 14
Serengeti

Paul
    $3,200 10
the House of Lords

Mahesh
    $800 22
James I

Paul
    $800 29
(Mahesh: What is [*]?)
(Alex: Say it again.)
(Mahesh: [*].)
[Mahesh's response was ruled incorrect and the decision was reversed after the break as its a common synonym in Canada.]

an exacta (*an exactor)

Mahesh
    $800 8
Homeland

Mahesh
    $800 23
raconteurs

Paul
    $1000 15
(Mahesh: What are the Windward Islands?)

the Leeward Islands

PaulMahesh
    $1000 11
the Foreign Secretary

Paul
    $1000 25
Brazil

Paul
    $1000 30
(Adam) Silver

Lynn
    $1000 9
Hill Street Blues

Mahesh
    $1000 24
porte cochère

Paul

Scores at the first commercial break (after clue 15):

Paul Lynn Mahesh
$3,400 $1,600 $5,400

Scores at the end of the Jeopardy! Round:

Paul Lynn Mahesh
$7,600 $3,800 $8,000

Double Jeopardy! Round responses

LITERARY AWARDS
MUSICALS
INVENTIONS
POSTAL ABBREVIATION WORDS
(Alex: All correct responses will be combinations of postal abbreviations.)
THE SAINTS
MARCH-ING IN
    $400 2
(Lynn: What are Musketeers?)
(Mahesh: What are, what is a count?)

prisoners

LynnMahesh
Triple Stumper
    $400 24
the wheel

Lynn
    $400 10
a coma (Colorado & Massachusetts)

Mahesh
    $400 17
St. Patrick

Lynn
    $800 3
O. Henry

Lynn
    $800 1
(Lin-Manuel) Miranda

Mahesh
    $800 23
the iPod

Mahesh
    $800 11
dewy (Delaware & Wyoming)

Lynn
    $800 13
the stigmata

Paul
    $1200 8
(Lynn: What is... Oh, I don't know.)
(Mahesh: Who is Maradona?)

the goalie

LynnMahesh
Triple Stumper
    $1200 4
Grease

Mahesh
    $1200 22
(Paul: What is CAD?)

3-D printing

Paul
Triple Stumper
    $1200 18
pane (Pennsylvania & Nebraska)

Lynn
    $2,000 14
San Marino

Paul
    $1600 9
a Booker

Mahesh
    $400 5
Dear Evan Hansen

Mahesh
    $1600 21
(Alex: Less than a minute now.)

Polaroid

Paul
    $1600 19
inky (Indiana & Kentucky)

Lynn
    $1600 15
Lourdes

Paul
    $1600 26
[The end-of-round signal sounds.]

Santa Anna

Lynn
    $2000 12
The Power

Triple Stumper
    $2000 6
Michener

Lynn
    $2000 7
(Paul: What is a typewriter?)

an adding machine

Paul
Triple Stumper
    $2000 20
candor (California, North Dakota & Oregon)

Triple Stumper
    $2000 16
Prussia

Triple Stumper
    $2000 25
Yosemite

Paul

Scores at the end of the Double Jeopardy! Round:

Paul Lynn Mahesh
$12,400 $11,000 $11,600

[wagering suggestions for these scores]

Final Jeopardy! Round responses

21st CENTURY MOVIES
LynnWhat is Thor: Ragnorak?
$9,399
MaheshWhat is Moana?
$801
PaulWhat is Moana?
$10,801
Moana

Final scores:

Paul Lynn Mahesh
$23,201 $1,601 $12,401
3-day champion: $61,400 3rd place: $1,000 2nd place: $2,000

Game dynamics:

Coryat scores:

Paul Lynn Mahesh
$11,600 $11,000 $10,400
16 R
(including 1 DD),
2 W
15 R,
2 W
18 R
(including 2 DDs),
3 W

Combined Coryat: $33,000

[game clues] [game scores] [suggest correction]

Game tape date: 2020-01-07
The J! Archive is created by fans, for fans. Scraping, republication, monetization, and malicious use prohibited; this site may use cookies and collect identifying information. See terms. The Jeopardy! game show and all elements thereof, including but not limited to copyright and trademark thereto, are the property of Jeopardy Productions, Inc. and are protected under law. This website is not affiliated with, sponsored by, or operated by Jeopardy Productions, Inc. Join the discussion at JBoard.tv.